000
00414nam a2200145Ia 4500
008
090711s9999 xx 000 0 und d
082
_b
20011
100
_a
जोशी रामउाgऎष्ण
245
_a
नकळत
600
_a
जोशी रामउाgऎष्ण
630
_a
नकळत
700
_a
जोशी रामउाgऎष्ण
730
_a
नकळत
942
_c
BOOK
999
_c
297144
_d
297144